02584nam a22001817a 4500003000400000005001700004008004100021020001500062040001000077100003200087245023800119260003800357300001100395505188500406650005802291700002902349700002402378OSt20240219094546.0240206s2004 ag ||||| |||| 00| 0 spa d a950460580X cbesoc1 aKechichian, Graciela K. de 10aTecnología II :bEnergía y desarrollo tecnológico : Tecnologías de la información y de la comunicación : Tecnologías de gestión /cGraciela K. de Kechichian, Adriana S. Cohan ; bajo la dirección de Herminia Mérega aBuenos Aires :bSantillana,c2004 a191 p.0 a1. Fuentes de energía y tecnología: recursos energéticos; de la fuente al consumo; aportes de la electricidad a la tecnología; transformaciones de la energía -- 2. Fuentes de energía no renovables y tecnología: tecnologías para la extracción del carbón; el carbón, el petróleo y el gas; la revolución atómica, energía nuclear -- 3. Las energías renovables y la tecnología: aprovechamiento de las energías hidráulicas y eólicas; la energía solar; recursos generadores de energías menos difundidos -- 4. Las fuentes de energía y el ambiente: impacto ambiental del uso de recursos energéticos; la recuperación de la energía; uso racional de la energía -- 5.Sistemas de comunicación: introducción a los sistemas de comunicación eléctrica; los pioneros de la comunicación eléctrica; redes de telecomunicaciones -- 6. La transmisión: códigos de transmisión; artefactos analógicos y digitales; Comunicación satelital -- 7. Tecnología informática: ¿qué es la programación?; tecnología informática -- 8. La informática y el hombre: Tecnología informática: su impacto en el desarrollo de la vida humana; realidad y virtualidad; informática y ética -- 9. La organización: concepto y tipos de organización; la estructura organizacional; Vínculos en la organización empresarial -- 10. Las organizaciones hoy: el mercado de las organizaciones; planeamiento estratégico; cultura e identidad de la organización -- 11. Gestión de calidad: sistemas de calidad; calidad ambiental y empresa -- 12. Microemprendimientos: las microempresas en el mundo de hoy; lo que debe saber una microempresa -- 13. Reingeniería de las organizaciones: ¿qué es la reingeniería? -- 14. Buscar trabajo es todo un trabajo: el mundo del trabajo; formas de postulaciones en la búsqueda de trabajo.-  4aEnseñanza de la tecnologíaxEducación polimodal1 aCohan, Adriana S.eautor1 aMérega, Herminia